[Event "RUS-ch 54th"]
[Site "Elista"]
[Date "2001.04.30"]
[Round "1"]
[White "Ibragimov, Ildar"]
[Black "Inarkiev, Ernesto"]
[Result "1/2-1/2"]
[WhiteElo "2578"]
[BlackElo "2469"]
[Annotator "Postny,E"]
[PlyCount "59"]
[EventDate "2001.04.29"]
[EventType "swiss"]
[EventRounds "9"]
[EventCountry "RUS"]
[SourceTitle "CBM 083"]
[Source "ChessBase"]
[SourceDate "2001.07.05"]
[SourceVersion "1"]
[SourceVersionDate "2001.07.05"]
[SourceQuality "1"]

1. Nf3 Nf6 2. c4 g6 3. g3 Bg7 4. Bg2 O-O 5. O-O d6 6. Nc3 Nc6 7. Rb1 {[%cal
Yb2b4]} (7. d4 {leads to King's Indian defense.}) 7... a5 8. a3 Bf5 ({Other
possible plan is:} 8... e5 9. d3 Nd4 10. b4 axb4 11. axb4 c6 12. b5 Bg4 13.
bxc6 bxc6 14. Be3 Nxf3+ 15. exf3 Bf5 16. Rb3 Rb8 17. Ne4 d5 18. Rxb8 Qxb8 19.
Nxf6+ Bxf6 20. cxd5 cxd5 21. d4 Rd8 22. Qa1 Bd3 23. Rd1 e4 $15 {1/2-1/2
Relange,E-Nijboer,F/Pula 1997/CBM 57 ext (38)}) 9. d3 Qd7 10. Re1 e5 11. Bg5 ({
Possible as well} 11. Ng5 {[%cal Yg5e4]}) 11... h6 ({Interesting attempt is} 
11... Nh5 $5 {keeping all the pieces on the board and preparing attack on the
kingside .For instanse:} 12. Nd5 Be6 {[%cal Yf7f5]} (12... h6 13. Bd2 Be6 $13)
13. Bd2 $1 {[%cal Gf3g5]} (13. Qd2 f5 14. Bh6 f4 15. Bxg7 Qxg7 $15) 13... h6 {
[%cal Gf7f5] .The position is very complicated with approximately equal
chances.}) 12. Bxf6 Bxf6 13. Nd2 $146 (13. Nd5 Bg7 14. b4 axb4 15. axb4 Be6 16.
Nd2 b5 17. Qc1 Na7 18. Nc3 Rab8 19. cxb5 d5 $11 {1/2-1/2 Anhalt,H-Ruehrig,V/
Germany 1984/GER-chT (51)}) 13... Bg7 14. b4 Bh3 $6 ({Probably black should
open the "a" file:} 14... axb4 15. axb4 {however immediate invasion} Ra3 $6 {
isn't recommended in view of} 16. b5 $1 Rxc3 $2 (16... Nd8 $14) 17. bxc6 bxc6
18. Qa4 {[%csl Yc3,Rc6]} c5 19. Qa2 $16 {[%csl Rc3] White is intending to move
the Rb1 from it's place in order to play Nb1. Deserving attention 14...h5 or
14...ab 15.ab h5.}) 15. Bxh3 $1 Qxh3 16. Nd5 Qd7 (16... axb4 $142 17. axb4 (17.
Nxc7 Rxa3) 17... Qd7 {[%csl Ya1,Yg7][%cal Ga8a1,Yg7a1] Open the "a" file is in
black's favour.}) 17. b5 Nd4 ({Deserving attention} 17... Ne7 {.} {Now} 18. b6
{is risky, as after} c6 19. Nc7 Rab8 20. Qa4 {[%csl Ra5]} f5 {[%csl Yc7,Rg1]
black has good attacking chances on the kingside. Perhaps white should play 18.
e4 with small advantage.}) 18. a4 (18. b6 $6 c6 19. Nc7 Rab8 20. Qa4 Qg4 $36)
18... b6 {[%csl Gd5] Not a necessary move.18...f5 is more consequent.} 19. e3
Ne6 20. f4 ({In case of} 20. Qg4 {black will respond} Kh7 {[%cal Gf7f5]
defending the Pg6.}) 20... Rae8 (20... f5 {was a little bit more precise.}) 21.
Nb3 ({Deserving attention} 21. Qg4 $5 {The idea of the manoeuvre is to create
some weaknesses in black's position.} h5 (21... Kh7 $2 22. f5 $16) (21... exf4
22. gxf4 $14) 22. Qf3 f5 23. Nb3 $14 {Compared with what happened in the game
later-black cann't play g6-g5 because Ph5 is hanging and if black will protect
the pawn, white can any time fix the kingside by h2-h4.}) 21... f5 22. d4 Qf7 (
22... e4 {[%cal Yg6g5] is sufficient for the equality as well.}) 23. Rf1 g5 24.
Kh1 (24. fxe5 $6 dxe5 $15) 24... Kh8 25. dxe5 dxe5 26. Qf3 g4 27. Qg2 exf4 (
27... e4 $11) 28. exf4 Nd8 $1 {[%csl Ye4][%cal Yd8b7,Yb7d6]} 29. Rbe1 Nb7 30.
Qc2 1/2-1/2

[Event "Belgrade RAD 30"]
[Site "Belgrade"]
[Date "1977.01.15"]
[Round "1.1"]
[White "Rajkovic, Dusan"]
[Black "Portisch, Ferenc"]
[Result "0-1"]
[WhiteElo "2495"]
[BlackElo "2475"]
[Annotator "Primel,D"]
[PlyCount "49"]
[EventDate "1977.01.15"]
[EventType "tourn"]
[EventRounds "13"]
[EventCountry "SRB"]
[EventCategory "9"]
[SourceTitle "EXT 2018"]
[Source "ChessBase"]
[SourceDate "2017.10.13"]
[SourceVersion "1"]
[SourceVersionDate "2017.10.13"]
[SourceQuality "1"]
[TimeControl "40/9000:16/5400:0"]

1. g3 g6 2. Bg2 Bg7 3. Nf3 Nf6 4. O-O O-O 5. c4 d6 6. Nc3 e5 7. d3 Nc6 8. Rb1
a5 {[%csl Rb5]} (8... h6) 9. a3 Re8 10. Nd2 (10. Bg5 h6 11. Bxf6 Bxf6 12. b4 (
12. Nd5)) 10... Bg4 11. h3 Be6 12. Nd5 (12. Kh2 h6 13. b4 axb4 14. axb4 d5 15.
b5 Ne7 16. cxd5 Nfxd5 17. Bb2 Nxc3 18. Bxc3 Bd5 19. Nc4 Bxg2 20. Kxg2 {1/2-1/2
(20) Petrosian,T-Keres,P Moscow 1957}) 12... Qc8 $146 (12... Bxd5 13. cxd5 Ne7
14. e4 c6 15. dxc6 Nxc6 16. b4 axb4 17. axb4 d5 18. b5 Nd4 19. Re1 dxe4 20.
dxe4 Nd7 21. Nc4 Nc5 22. Ne3 Nd3 23. Rf1 Ra2 24. Bd2 Nb2 25. Qe1 Nxb5 26. Nd5
Na3 27. Bc3 Nd3 28. Qd1 Nxb1 29. Qxb1 Rxf2 30. Qxd3 Rxf1+ 31. Bxf1 h5 32. Qb5
Qc8 33. Bb4 Kh8 34. Ne7 Qa8 35. Nd5 Qc8 36. Qd3 Bf8 37. Qe2 Kg7 38. Bxf8+ Rxf8
39. Nb6 Qc6 {1/2-1/2 (39) Palacios,A-Kuroda,P Haifa 1976}) 13. Kh2 Ne7 $1 14.
Nxf6+ Bxf6 15. Ne4 Bg7 $11 {[%cal Gf7f5]} 16. Bg5 Bd7 $5 (16... f5 17. Nf6+
Bxf6 18. Bxf6 Kf7) 17. Nf6+ Bxf6 18. Bxf6 Bc6 19. Bxc6 bxc6 20. Qa4 c5 21. f4
$2 {[%csl Re2,Re3]} exf4 22. Rbe1 (22. Rxf4 Nd5 $1 23. cxd5 Rxe2+ 24. Kg1 Qxh3)
22... fxg3+ 23. Kg2 (23. Kxg3 Nf5+ 24. Kh2 Re3 {[%cal Ge3h3,Gc8h3]}) 23... Nf5
$19 24. e4 Re6 25. Bc3 0-1

[Event "Torshavn op 3rd"]
[Site "Torshavn"]
[Date "2000.10.07"]
[Round "2"]
[White "Psakhis, Lev"]
[Black "Danielsen, Henrik"]
[Result "1-0"]
[WhiteElo "2611"]
[BlackElo "2519"]
[Annotator "Psakhis,L"]
[PlyCount "68"]
[EventDate "2000.10.06"]
[EventType "swiss"]
[EventRounds "9"]
[EventCountry "FAI"]
[SourceTitle "CBM 078 Extra"]
[Source "ChessBase"]
[SourceDate "2000.11.10"]
[SourceVersion "1"]
[SourceVersionDate "2000.11.10"]
[SourceQuality "1"]

1. c4 f5 2. Nc3 Nf6 3. g3 d6 4. Bg2 g6 5. d3 Bg7 6. e4 Nc6 7. Nge2 O-O 8. O-O
e5 9. Nd5 Be6 10. Bg5 Qd7 11. Qd2 (11. Rc1 Nh5 12. exf5 Bxf5 13. Qd2 Rf7 14. b4
Raf8 15. b5 Nd8 16. Bxd8 Rxd8 17. Nb4 Bh3 18. Bxb7 Bxf1 19. Rxf1 Nf6 {1/2-1/2
Istratescu,A-Grigore,G/ROM-ch Iasi 1999 (34)}) 11... Rf7 (11... Rae8 12. Rac1
Nh5 13. exf5 gxf5 14. f4 Nd8 15. Ne3 Nf7 16. Bh4 c6 17. d4 exf4 18. gxf4 d5 19.
cxd5 Bxd5 20. Nxd5 cxd5 21. Nc3 Re6 {1-0 Zentgraf,A-Bertagnolli,A/Cesenatico
op 2000/The Week in Chess 306 (31)}) (11... Kh8 12. Rac1 Rae8 (12... Ng8 13.
Be3 Rf7 14. exf5 Bxf5 15. d4 Bh3 16. dxe5 Nxe5 17. f4 Bxg2 18. Kxg2 Ng4 19. Bd4
c6 20. Ndc3 Re8 21. h3 N4f6 22. Ng1 Rfe7 {Balduan,M-Dormann,L/NRW-Liga 1998/
1-0 (59)}) 13. b3 Ng8 14. b4 Nd8 15. Be3 c6 16. Ndc3 a6 17. exf5 gxf5 18. f4
Nf7 19. a4 Nf6 20. Kh1 Ng4 21. Bg1 Kg8 22. b5 axb5 23. axb5 Ra8 24. bxc6 bxc6
25. Rb1 Rfb8 26. Rxb8+ {Dragomarezkij,E-Gurevich,M/Tal mem.(activ) 1992/0-1 
(51)}) 12. f3 $5 $146 (12. Rae1 Raf8 13. f3 Ne8 14. Be3 fxe4 15. dxe4 Nd8 (
15... Bh3 16. c5 Bxg2 17. Kxg2 Kh8 18. cxd6 Nxd6 19. Rc1 Qc8 20. a4 a5 21. b3
Rd7 {1/2-1/2 Thompson,I-Giulian,P/corr 1984 (32)}) 16. b3 c6 17. Ndc3 c5 18.
Nd5 Nc6 19. Bg5 Nf6 20. Rd1 Nd4 21. Nxd4 cxd4 22. Qd3 Kh8 23. Rc1 Ng8 24. Bd2
Ne7 {1/2-1/2 Liberzon,V-Smyslov,V/USSR 1967/Inf 03 (24)}) (12. Rac1 Raf8 13.
exf5 Bxf5 14. Bxf6 Bxf6 15. Nxf6+ Rxf6 16. d4 Bg4 17. dxe5 dxe5 18. Qxd7 Bxd7
19. Nc3 Nd4 20. Rce1 Nf3+ 21. Bxf3 Rxf3 {1/2-1/2 Marszalek,R-Bielczyk,J/Warsaw
1988 (35)}) 12... Raf8 13. Rac1 fxe4 14. dxe4 Ne8 {[%cal Gc6d4]} (14... Bh3 15.
b4) 15. Be3 $1 Bh3 16. c5 $14 Bxg2 17. Kxg2 a6 (17... dxc5 $2 18. Bxc5 Nd6 19.
Nxc7 $16) 18. Rcd1 Qc8 19. Qc2 $5 {[%cal Gc2c4]} Kh8 20. b4 Rg8 (20... Nf6 21.
cxd6 cxd6 22. Nb6 Qe6 23. a3 $14) 21. a4 (21. cxd6 Nxd6 22. Qc5 $36) 21... dxc5
(21... Qd7 $5 22. b5 axb5 23. axb5 Ne7 $14) 22. Bxc5 Qe6 23. Nc1 $5 {[%cal
Gc1d3]} (23. f4 $142 $1 b6 (23... exf4 24. Nexf4 Qd7 25. Qa2 $18) 24. f5 gxf5
25. exf5 Qh6 26. Be3 Qh5 27. Rd2 $16) 23... Bf8 (23... Nf6 $5) 24. Nd3 Bd6 25.
Qb2 {[%cal Rb2h8]} Rgf8 (25... Nf6 $5) 26. b5 axb5 27. axb5 Nb8 (27... Ne7 28.
N3f4 $1 Qc8 (28... Qd7 29. Nxc7 $1 Qxc7 30. Ne6 $18) 29. Nb6 $1 cxb6 30. Bxd6
Nxd6 31. Qxe5+ Kg8 32. Rxd6 $18) 28. b6 (28. N3f4 $5) 28... Nd7 (28... c6 29.
Bxd6 Qxd6 30. Nxe5 $18) 29. N3f4 $1 $18 Rxf4 30. Nxf4 Rxf4 31. Bxd6 Nxd6 32.
gxf4 Nc4 33. bxc7 Qc6 34. Rxd7 $1 (34. Qb5 $5) 34... Qxd7 (34... Nxb2 35. Rd8+
Kg7 36. c8=Q) (34... Qxd7 35. Qxb7) 1-0

[Event "Rohde op 09th"]
[Site "Sautron"]
[Date "2009.10.26"]
[Round "3"]
[White "Colovic, Aleksandar"]
[Black "Haub, Thorsten Michael"]
[Result "1/2-1/2"]
[WhiteElo "2441"]
[BlackElo "2478"]
[Annotator "RR"]
[PlyCount "91"]
[EventDate "2009.10.24"]
[EventType "swiss"]
[EventRounds "9"]
[EventCountry "FRA"]
[SourceTitle "EXT 2010"]
[Source "ChessBase"]
[SourceDate "2010.11.25"]
[SourceVersion "1"]
[SourceVersionDate "2010.11.25"]
[SourceQuality "1"]
[TimeControl "6000"]
[WhiteClock "0:00:05"]
[BlackClock "0:00:04"]

1. c4 f5 2. g3 Nf6 3. Bg2 g6 4. Nc3 Bg7 5. d3 Nc6 6. Nf3 O-O 7. O-O d6 8. Rb1
a5 (8... e5) 9. a3 e5 10. Bg5 (10. b4) 10... Be6 11. Nd2 Qd7 12. Bxf6 (12. b4
axb4 13. axb4 Rab8 14. b5) 12... Bxf6 13. Nd5 a4 14. e3 Bg7 15. Re1 Ra5 16. Rc1
b6 17. Nb1 e4 18. Nbc3 Ne5 19. dxe4 fxe4 20. Nxe4 Nxc4 21. Ng5 $1 Nxb2 22. Qd2
Rc5 (22... Bf7 23. Nxf7 Rxf7 24. Nxc7 $16) 23. Nxe6 Qxe6 24. Nxc7 Qf5 25. Bd5+
Kh8 26. e4 Qf3 27. Ne6 Rxc1 (27... Nd3 $5 $13 {une position compliquée а
analyser а l'approche du zeinot}) 28. Rxc1 Nd3 29. Nxf8 Nxc1 30. Qxc1 Qxf8 31.
Qc4 b5 32. Qxb5 Bd4 33. Qe2 Qf6 34. Kg2 Bc5 35. Qf3 {il sera difficile de
valoriser le P supplémentaire en finale de B de couleurs opposées.} Qxf3+ (
35... Bxa3 {La sauvegarde de la partie avec le logiciel Toma était erronée car
elle mentionnait cette variante} 36. Bc6 Kg7 37. Bxa4) 36. Kxf3 Bxa3 37. Bc6
Kg7 38. Bxa4 Kf6 39. h4 h6 40. Be8 Bc5 41. Ke2 g5 42. f4 gxh4 43. gxh4 Ba3 44.
Kf3 Bc1 45. Kg4 Bd2 46. h5 1/2-1/2

[Event "Rohde op 09th"]
[Site "Sautron"]
[Date "2009.10.??"]
[Round "4"]
[White "Agrest, Evgenij"]
[Black "Dvirnyy, Danyyil"]
[Result "1-0"]
[WhiteElo "2588"]
[BlackElo "2447"]
[Annotator "RR"]
[PlyCount "61"]
[EventDate "2009.10.24"]
[EventType "swiss"]
[EventRounds "9"]
[EventCountry "FRA"]
[SourceTitle "EXT 2010"]
[Source "ChessBase"]
[SourceDate "2010.11.25"]
[SourceVersion "1"]
[SourceVersionDate "2010.11.25"]
[SourceQuality "1"]

1. Nf3 Nf6 2. c4 g6 3. g3 Bg7 4. Bg2 O-O 5. O-O Nc6 6. Nc3 {La souplesse de
cet ordre de coups permet de transposer ensuite dans une Est-Indienne par d4
ou une anglaise par d3} d6 7. d3 e5 8. Rb1 a5 9. h3 {une ligne secondaire} (9.
a3 {[%cal Gb2b4] La grande ligne}) 9... h6 10. e4 Nd7 11. Be3 Kh7 $146 (11...
Nc5 $142 12. d4 exd4 13. Nxd4 Nxd4 ({RR} 13... Bd7 14. Ndb5 Ne5 15. Qe2 Bc6 16.
Rbd1 Ned7 17. Nd5 Bxd5 18. cxd5 Re8 19. Qc2 h5 20. Rfe1 a4 21. f4 Ra5 22. Na3
h4 23. g4 b5 24. Bd2 Qa8 25. Bxa5 Qxa5 26. Kh1 b4 27. Nc4 b3 28. axb3 {
Gurevich,M (2667)-Shirov,A (2746)/New Delhi/Teheran 2000/CBM 080/1-0 (82)}) 14.
Bxd4 f5 15. Bxg7 Kxg7 16. Qd4+ Qf6 17. Qxf6+ Rxf6 18. Rfe1 fxe4 19. Nxe4 Nxe4
20. Rxe4 Re6 21. Rbe1 Kf6 22. Rf4+ Kg7 23. Rfe4 Kf6 24. Rf4+ Kg7 {1/2-1/2
Agrest,E (2541)-Jones,G (2567)/Heraklio 2007/CBM 121}) 12. d4 $1 exd4 (12...
Nxd4 13. Nxd4 exd4 14. Bxd4 Ne5 15. b3 $16) 13. Nxd4 Bxd4 $5 {Kh7 protégeant
h6 permet d'avoir cette option Bd4 au lieu de Nd4} (13... Nde5 14. b3 {[%csl
Rb1]} a4 (14... Nxd4 15. Bxd4)) 14. Bxd4 Nde5 15. f4 Nxd4 16. Qxd4 Nc6 17. Qf2
(17. Qd2 $142) 17... Be6 18. Nd5 a4 19. Rbe1 Bxd5 20. cxd5 {L'ouverture a mal
tourné pour l'italien et la pression sur la colonne "c" semi-ouverte va donner
l'initiative aux blancs} Ne7 21. Qd4 $1 {Domination centrale} Qd7 22. Kh2 Rae8
(22... c5) (22... c6) 23. Rf2 f5 $6 {[%csl Re6,Rh7]} 24. e5 $1 $40 dxe5 25.
fxe5 f4 26. Rxf4 Nf5 27. Qc3 Qg7 28. Ref1 Rg8 $2 {un coup bizarre} 29. g4 Rxe5
30. gxf5 gxf5 31. R1f2 1-0

[Event "EU-ch 12th"]
[Site "Aix les Bains"]
[Date "2011.03.23"]
[Round "2"]
[White "Halkias, Stelios"]
[Black "Aloma Vidal, Roberto"]
[Result "1-0"]
[WhiteElo "2579"]
[BlackElo "2434"]
[Annotator "Reeh,O"]
[PlyCount "46"]
[EventDate "2011.03.22"]
[EventType "swiss"]
[EventRounds "11"]
[EventCountry "FRA"]
[SourceTitle "CBM 142 Extra"]
[Source "ChessBase"]
[SourceDate "2011.06.27"]
[SourceVersion "1"]
[SourceVersionDate "2011.06.27"]
[SourceQuality "1"]

1. c4 Nf6 2. Nc3 g6 3. g3 Bg7 4. Bg2 e5 5. d3 O-O 6. Nf3 Nc6 7. O-O d6 8. Rb1
a5 9. a3 h6 10. b4 axb4 11. axb4 Nh5 12. b5 Ne7 13. Bb2 f5 14. Qb3 Be6 15. Nd2
Rb8 (15... c6 $5) 16. Ra1 g5 17. Ra7 b6 18. Nd5 Rc8 19. Rfa1 f4 20. Ne4 g4 $2 (
{Necessary was Notwendig war} 20... Nxd5 21. cxd5 Bg4 22. f3 Bd7) {[%tqu "En",
"How would you play as White?","Open ranks or diagonals!","","e4d6","...and
the knight is untouchable since after any recapture Black loses his Ne7.",10,
"De","Wie würden Sie als Weißer fortsetzen?","Öffnen Sie Reihen oder
Diagonalen!","","e4d6","...und der Springer ist unantastbar, denn nach jedem
Zurückschlagen verliert Schwarz seinen Ne7.",10]} 21. Nxd6 $1 {Exploiting the
tension between White's Nd5 and Black's Ne7! Nutzt die Spannung zwischen
weißem Nd5 und schwarzem Ne7!} f3 (21... Qxd6 {allows the white bishop to
occupy the diagonal to e7 with ermöglicht das Eingreifen des weißen Läufers
auf der Diagonalen nach e7 mit} 22. Ba3) ({while während} 21... cxd6 {clears
the seventh rank: die 7. Reihe freilegt:} 22. Nxe7+) 22. Nxc8 Nxd5 23. cxd5
Bxc8 1-0

[Event "RUS-ch"]
[Site "Elista"]
[Date "1995.??.??"]
[Round "1"]
[White "Sher, Miron Naumovich"]
[Black "Vyzmanavin, Alexey"]
[Result "0-1"]
[WhiteElo "2510"]
[BlackElo "2605"]
[Annotator "Ribli,Z"]
[PlyCount "76"]
[EventDate "1995.10.??"]
[EventType "swiss"]
[EventRounds "11"]
[EventCountry "RUS"]
[SourceTitle "CBM 050"]
[Source "ChessBase"]
[SourceDate "1996.02.01"]
[SourceVersion "1"]
[SourceVersionDate "1996.02.01"]
[SourceQuality "1"]

1. c4 f5 2. g3 Nf6 3. Bg2 g6 4. Nc3 Bg7 5. d3 O-O 6. e4 d6 7. Nge2 e5 8. O-O
Nc6 9. h3 {Dieser Zug hat Vorteil und Nachteil auch: Er bereitet Be3 vor, aber
er schwaecht seinen Koenigsfluegel.} (9. Nd5 $5 Ne7 10. Nxf6+ Bxf6 11. Bh6 Rf7
12. Qd2 Be6 13. Rac1 Kh8 14. Be3 Qd7 15. exf5 gxf5 16. f4 c6 17. b3 $1 b6 18.
fxe5 dxe5 19. d4 $14 {Balashov,Y-Dvoirys,S/EUCup/1991/CBM27/}) 9... Be6 10. Nd5
{Eine Neuerung} (10. exf5 gxf5 11. Be3 Qd7 12. f4 Kh8 13. Nd5 Qf7 14. Nxf6 Bxf6
15. Qd2 a6 16. Rae1 Rab8 17. b3 {Remis! Rama,L-Karayannis,A/Ilioupolis/1995/
EXP47/}) 10... Qd7 11. Kh2 Rf7 12. Be3 Raf8 13. Qd2 Nd8 14. Nxf6+ {Weiss
koennte mit diesem Zug noch warten, weil er nicht am Koenigfluegel son- dern
im Zentrum spielen soll und irgendwo d4 durchsetzen.} (14. Rac1 $5 Ne8 15. exf5
$5 Rxf5 16. g4 R5f7 17. Ng3 $13) 14... Rxf6 15. exf5 Rxf5 (15... gxf5 16. f4
$14) 16. g4 (16. Rac1 Rh5 17. Ng1 Nc6 $13) 16... R5f7 17. Nc3 (17. Qa5 Nc6 18.
Qa4 d5 (18... Nd4 19. Qxd7 Rxd7 20. Nxd4 exd4 21. Bd2 $13) 19. cxd5 Bxd5 20.
Be4 Bxe4 21. dxe4 Nd4 $13) (17. Bxa7 $2 b6 $17 {Droht /\ Nc6 oder Rf2.}) 17...
c6 18. Rac1 (18. Bxa7 b5 19. Be3 bxc4 20. Ne4 d5 21. Nc5 (21. Ng5 $2 d4 22.
Nxe6 Nxe6 $19) 21... Qd6 $15) 18... b6 (18... d5 $2 19. cxd5 cxd5 20. Bxa7 d4
21. Ne4 $16) 19. f3 {Weiss kann d5 nicht mehr verhindern und er will mit
diesem Zug mehr Moeglich- keiten fuer seinen schwarzfeldrigen Laeufer aber
sein anderer Laeufer auf g2 nicht schoene Zukunft hat.} d5 20. cxd5 Bxd5 {
Schwarz braucht diesen Laeufer nicht mehr, weil es fuer ihn wichtiger ist die
schwarzen Feldern zu kontrollieren ( /\ Ne6).} (20... cxd5 21. d4 Nc6 22. Ne2
exd4 23. Nxd4 Nxd4 24. Bxd4 Qd6+ 25. Kg1 Bxd4+ 26. Qxd4 Rf4 27. Qd2 d4 $15) 21.
Nxd5 cxd5 22. Qc2 $1 (22. d4 $2 Ne6 $1 23. dxe5 d4 24. Bh6 Bxe5+ 25. Kg1 Bf4
26. Bxf4 Nxf4 $17) 22... h6 23. Kg1 (23. Kh1 $5) 23... Kh7 24. b4 (24. a3 $5 {
Hier waere besser fuer den Anziehenden einfach warten.}) 24... Qe7 25. Qb3 Qd7
26. b5 $6 {Weiss steht schlechter, troztdem spielt er zu optimistisch. Warum
nicht 26.Qc2 mit Zugwiederholung?} (26. Qc2 $5) 26... Ne6 $1 27. Rc6 Nf4 28.
Qc2 (28. Bxf4 exf4 {/\ Bd4, Re8, Rfe8 -/+}) 28... Qe7 29. d4 {Weiss versucht
im Trueben zu fischen.} e4 $1 (29... exd4 $2 30. Bxf4 Rxf4 31. Qxg6+ $13) 30.
fxe4 Nxg2 $5 31. Rxf7 Qxf7 32. Qxg2 dxe4 33. a4 (33. Qxe4 $6 Qf1+ 34. Kh2 Qe2+
35. Kg3 Qe1+ 36. Kh2 Rf2+ 37. Kg3 Rxa2+ 38. Kf4 Rf2+ 39. Bxf2 $2 (39. Kg3 $5)
39... Qxf2+ 40. Qf3 g5+ 41. Ke4 Qxd4+ 42. Kf5 Qe5#) 33... Qb3 34. Qd2 $2 (34.
Qxe4 $5 {Dieser Zug sieht fuer den ersten Augenblick sehr schlecht aus, aber ..
.} Qd1+ 35. Kh2 Qe2+ 36. Kg3 Qe1+ 37. Kh2 Rf2+ 38. Kg3 {Weisse Koenigstellung
sieht sehr gefaerhlich aus, aber Schwarz hat mehr als ewiges Schach oder nicht,
sehr fragwuerdig.}) 34... Rf3 35. Rc3 Qxa4 36. Bf2 Qa1+ 37. Rc1 Qa3 38. Rc7 (
38. Rc3 Qb4 $19) 38... e3 {Ribli} 0-1

[Event "Hoogovens"]
[Site "Wijk aan Zee"]
[Date "1990.01.??"]
[Round "2"]
[White "Gurevich, Mikhail"]
[Black "Piket, Jeroen"]
[Result "1/2-1/2"]
[WhiteElo "2645"]
[BlackElo "2495"]
[Annotator "Ribli,Z"]
[PlyCount "107"]
[EventDate "1990.01.??"]
[EventType "tourn"]
[EventRounds "13"]
[EventCountry "NED"]
[EventCategory "13"]
[SourceTitle "CBM 017"]
[Source "ChessBase"]
[SourceDate "1990.08.01"]
[SourceVersion "1"]
[SourceVersionDate "1990.08.01"]
[SourceQuality "1"]

1. c4 Nf6 2. Nc3 g6 3. g3 Bg7 4. Bg2 O-O 5. Nf3 d6 6. O-O e5 7. d3 Nc6 8. Rb1
a5 9. a3 h6 10. b4 axb4 11. axb4 Be6 12. b5 Ne7 13. Bb2 Qd7 14. Ra1 $5 {
14.Re1 Georges,S-Lane,G Zug 1989  CBM/16} Bh3 15. Qc2 {15.Qb3!?} Rab8 16. Rfc1
Bxg2 17. Kxg2 Nh5 18. Qb3 Kh7 19. Nd5 f5 20. Ra4 Nxd5 21. cxd5 Qf7 {><d5, ><f2}
22. Nd2 Nf6 23. b6 cxb6 24. Rb4 f4 $1 {25...Qxd5+ 26.Qxd5, Nxd5 27.Rb5 /\ Rxb6
=} 25. Rf1 fxg3 26. hxg3 Qxd5+ 27. Qxd5 Nxd5 28. Rb5 Ne7 29. Rxb6 Rfd8 30. Ba3
$6 {30.Rb1!? =} Nc6 31. Rfb1 Ra8 32. Bc1 Nd4 33. Kf1 Rd7 34. Ne4 Ra6 35. R6b2
Ne6 36. Bd2 d5 37. Nc3 Nc5 38. Rb5 Rc6 39. Nd1 e4 40. Bb4 Ne6 41. Ne3 exd3 42.
exd3 Rc8 43. Bd2 Rcd8 44. Rxb7 Nc5 45. Rxd7 Rxd7 46. Rb5 Nxd3 47. Nxd5 Ne5 48.
Bc3 Ng4 49. Bxg7 Kxg7 50. Nf4 Rd2 51. Rb7+ Kf6 52. Rb6+ Kf7 53. Rb7+ Kf6 54.
Rb6+ 1/2-1/2

[Event "GER-ch"]
[Site "Bad Neuenahr"]
[Date "1991.??.??"]
[Round "12"]
[White "Hickl, Joerg"]
[Black "Lau, Ralf"]
[Result "1-0"]
[WhiteElo "2480"]
[BlackElo "2485"]
[Annotator "Ribli,Z"]
[PlyCount "109"]
[EventDate "1991.06.??"]
[EventType "tourn"]
[EventRounds "15"]
[EventCountry "GER"]
[EventCategory "7"]
[SourceTitle "CBM 024"]
[Source "ChessBase"]
[SourceDate "1991.10.01"]
[SourceVersion "1"]
[SourceVersionDate "1991.10.01"]
[SourceQuality "1"]

1. g3 g6 2. c4 Bg7 3. Bg2 e5 4. Nc3 f5 5. d3 d6 6. e4 Nc6 {-> A 26} 7. h4 h6 $6
(7... Nf6 8. h5 Be6 9. Nd5 fxe4 10. hxg6 hxg6 11. Rxh8+ Bxh8 12. dxe4 Nd4 $13 {
Resko-Vasjukov URS 1971}) 8. h5 g5 9. exf5 Bxf5 10. Nge2 Nge7 11. Be3 O-O 12.
Qd2 Qd7 13. Be4 (13. O-O-O $5) 13... Nd4 14. O-O-O c6 15. f4 d5 16. Bg2 Nxe2+
17. Nxe2 gxf4 18. gxf4 dxc4 19. dxc4 Qe6 20. fxe5 Qxc4+ 21. Nc3 Bxe5 22. Bxh6
Rad8 23. Qe3 Bxc3 24. Qxc3 Rxd1+ 25. Rxd1 Qxc3+ 26. bxc3 Rf6 27. Be3 b6 28.
Rd8+ Kf7 29. Ra8 Re6 30. Kd2 Rd6+ 31. Ke1 Rd7 32. Kf2 Nd5 33. Bxd5+ cxd5 34.
Kg3 Bb1 35. a3 Ke6 36. h6 Kf5 37. Rg8 Rh7 38. Re8 Kg6 39. Bf4 Rf7 40. Re6+ Kh7
41. Re8 Bd3 42. Rd8 Be4 43. Rd6 Bh1 44. Kg4 Be4 45. Be5 Rf1 46. Bf4 Rg1+ 47.
Kh4 Bf5 48. Bd2 Rg4+ 49. Kh5 Ra4 50. Rxd5 Bh3 51. Re5 Bg4+ 52. Kg5 Bd1 53. Re7+
Kh8 54. Bf4 Bc2 55. Re8+ 1-0